000 00525nam a2200145 a 4500
008 120416s1969 ||||||||||||||||| || u
050 _aDT 444 His
100 _aKimambo, I. N
245 1 2 _aA History of Tanzania
_cedited by I. N. Kimambo
260 _aLondon
_bHeinemann
_c1969
300 _axii, 276p. : ill.
350 _a0.00
700 _aTemu, A. J
995 _D0.00
_FCBU-MAIN LIBRARY (Kitwe)
_H1
_I10.00
_M1
_UAVAILABLE
_WSep 6, 2006
_ZMain Library Open Access Collection
999 _c45608
_d45608